[Event "Verbandsliga Nordbaden 1819"]
[Site "Baden"]
[Date "2019.02.17"]
[Round "6.3"]
[White "Grothe, Thomas"]
[Black "Kistner, Klaus"]
[Result "1-0"]
[WhiteElo "2268"]
[BlackElo "2169"]
[PlyCount "123"]
[EventDate "2018.10.14"]
[EventType "team-tourn"]
[EventRounds "9"]
[EventCountry "GER"]
[SourceTitle "EXT 2020"]
[Source "ChessBase"]
[SourceDate "2019.10.17"]
[SourceVersion "1"]
[SourceVersionDate "2019.10.17"]
[SourceQuality "1"]
[WhiteTeam "Ettlingen"]
[BlackTeam "Bad Mergentheim II"]
[WhiteTeamCountry "GER"]
[BlackTeamCountry "GER"]

1. e4 e6 2. d4 d5 3. Nc3 Bb4 4. e5 c5 5. a3 Bxc3+ 6. bxc3 Qc7 7. Qg4 Ne7 8. Qxg7 Rg8 9. Qxh7 cxd4 10. Ne2 Nbc6 11. Bf4 Bd7 12. 0-0-0 dxc3 13. Nxc3 a6 14. Rxd5 exd5 15. Nxd5 Qa5 16. Nf6+ Kd8 17. Qd3 Qe1+ 18. Kb2 Nxe5 19. Qd6 N7g6 20. Bd2 Nc4+ 21. Bxc4 Qe5+ 22. Qxe5 Nxe5 23. Nxg8 Nxc4+ 24. Kc1 Nxa3 25. Ba5+ b6 26. Bxb6+ Kc8 27. Rd1 Nc4 28. Ne7+ Kb7 29. Rxd7+ Kxb6 30. Nf5 Re8 31. Ne3 Ne5 32. Rd5 Kc6 33. Ra5 Kb7 34. h4 f6 35. h5 Rh8 36. f4 Nc6 37. Rf5 Nd4 38. Rxf6 Rxh5 39. g4 Rh1+ 40. Kd2 Nf3+ 41. Ke2 a5 42. Rd6 a4 43. Rd3 Nh4 44. f5 Rh2+ 45. Kd1 Kc6 46. Kc1 Rf2 47. Kb2 Nf3 48. Nc4 Kc5 49. Rc3 Ng5 50. Ne5+ Kd4 51. Nd3 Rg2 52. Ra3 Ne4 53. Rxa4+ Ke3 54. Ne5 Kf4 55. Nf7 Ke3 56. Ne5 Kf4 57. Nd7 Ke3 58. f6 Rf2 59. Rxe4+ Kxe4 60. g5 Kd5 61. g6 Ke6 62. f7 1-0

[Event "Verbandsliga Nordbaden 1819"]
[Site "Baden"]
[Date "2019.01.13"]
[Round "4.4"]
[White "Duschek, Volker"]
[Black "Grothe, Thomas"]
[Result "1/2-1/2"]
[WhiteElo "2278"]
[BlackElo "2268"]
[PlyCount "70"]
[EventDate "2018.10.14"]
[EventType "team-tourn"]
[EventRounds "9"]
[EventCountry "GER"]
[SourceTitle "EXT 2020"]
[Source "ChessBase"]
[SourceDate "2019.10.17"]
[SourceVersion "1"]
[SourceVersionDate "2019.10.17"]
[SourceQuality "1"]
[WhiteTeam "Karlsruhe"]
[BlackTeam "Ettlingen"]
[WhiteTeamCountry "GER"]
[BlackTeamCountry "GER"]

1. e4 e5 2. Nf3 Nc6 3. Bb5 a6 4. Ba4 Nf6 5. 0-0 Be7 6. Re1 b5 7. Bb3 0-0 8. c3 d5 9. exd5 Nxd5 10. Nxe5 Nxe5 11. Rxe5 c6 12. d4 Bd6 13. Re1 Qh4 14. g3 Qh3 15. Be3 Bg4 16. Qd3 f5 17. f4 g5 18. Qf1 Qh5 19. Nd2 Rae8 20. fxg5 Rxe3 21. Rxe3 f4 22. Rf3 Bxf3 23. Qxf3 Qxf3 24. Nxf3 fxg3 25. Ne5 gxh2+ 26. Kxh2 Rf5 27. a4 Bxe5+ 28. dxe5 Rxe5 29. axb5 axb5 30. Ra6 Re2+ 31. Kg3 Rxb2 32. Bxd5+ cxd5 33. Kf4 b4 34. cxb4 Rxb4+ 35. Kf5 Rb1 1/2-1/2

[Event "Verbandsliga Nordbaden 1819"]
[Site "Baden"]
[Date "2018.12.02"]
[Round "3.4"]
[White "Grothe, Thomas"]
[Black "Bay, Nicolai"]
[Result "1-0"]
[WhiteElo "2268"]
[BlackElo "1998"]
[PlyCount "113"]
[EventDate "2018.10.14"]
[EventType "team-tourn"]
[EventRounds "9"]
[EventCountry "GER"]
[SourceTitle "EXT 2020"]
[Source "ChessBase"]
[SourceDate "2019.10.17"]
[SourceVersion "1"]
[SourceVersionDate "2019.10.17"]
[SourceQuality "1"]
[WhiteTeam "Ettlingen"]
[BlackTeam "Eppingen II"]
[WhiteTeamCountry "GER"]
[BlackTeamCountry "GER"]

1. d4 Nf6 2. c4 g6 3. Nc3 Bg7 4. e4 d6 5. h3 0-0 6. Bg5 Nbd7 7. Nf3 h6 8. Be3 e5 9. d5 Nc5 10. Qc2 a5 11. 0-0-0 b6 12. Nh2 Bd7 13. Be2 Qe7 14. Ng4 Nxg4 15. hxg4 g5 16. Rh3 Rfd8 17. Rdh1 Be8 18. Bd1 f6 19. Qd2 Rab8 20. Bc2 Qd7 21. Qd1 Bf7 22. Bxc5 dxc5 23. Ba4 Qe7 24. Ne2 Bg6 25. Qc2 Rd6 26. Nc3 Rf8 27. Bc6 Kh7 28. f3 Rh8 29. Qa4 Bf8 30. Nd1 Kg7 31. Ne3 Qf7 32. Qb5 Rd8 33. g3 Bd6 34. Qa4 Rh7 35. Qc2 Rdh8 36. Qh2 h5 37. gxh5 Rxh5 38. Rxh5 Rxh5 39. Qg2 Rxh1+ 40. Qxh1 Qf8 41. Qh3 Qg8 42. Bd7 Qh8 43. Qxh8+ Kxh8 44. Kc2 Kg7 45. Kb3 Kf8 46. Ka4 Ke7 47. Bc6 Kd8 48. Kb5 Kc8 49. Ka6 Kb8 50. Bd7 Bh5 51. g4 Bg6 52. Nd1 Bf7 53. Nc3 Be7 54. Nb5 Bd8 55. Na7 c6 56. Nxc6+ Kc7 57. Bf5 1-0

[Event "Oberliga Baden 1718"]
[Site "Baden"]
[Date "2018.04.15"]
[Round "9.5"]
[White "Grothe, Thomas"]
[Black "Miltner, Arndt"]
[Result "1-0"]
[WhiteElo "2269"]
[BlackElo "2284"]
[PlyCount "80"]
[EventDate "2017.10.08"]
[EventType "team-tourn"]
[EventRounds "9"]
[EventCountry "GER"]
[SourceTitle "EXT 2019"]
[Source "ChessBase"]
[SourceDate "2018.10.10"]
[SourceVersion "1"]
[SourceVersionDate "2018.10.10"]
[SourceQuality "1"]
[WhiteTeam "Ettlingen"]
[BlackTeam "Buchen"]
[WhiteTeamCountry "GER"]
[BlackTeamCountry "GER"]

1. e4 d6 2. Nc3 Nf6 3. f4 d5 4. e5 d4 5. Nb5 Nd5 6. Qf3 Nb6 7. c3 dxc3 8. dxc3 a6 9. Nd4 c5 10. Nb3 Qc7 11. Be3 e6 12. Rd1 N8d7 13. c4 Na4 14. Rd2 Rb8 15. Rc2 b6 16. Bd3 Bb7 17. Be4 Bxe4 18. Qxe4 b5 19. Nf3 Be7 20. cxb5 axb5 21. 0-0 Qb7 22. Qxb7 Rxb7 23. Na5 Ra7 24. b4 Ra6 25. Nb7 c4 26. Nd4 Rb6 27. Nd6+ Bxd6 28. exd6 0-0 29. Nb3 Rxd6 30. Nc5 Ndxc5 31. Bxc5 Nxc5 32. bxc5 Rc6 33. a4 bxa4 34. Rxc4 Ra8 35. Ra1 a3 36. Rc3 g6 37. Raxa3 Rxa3 38. Rxa3 Rxc5 39. Kf2 Kg7 40. h4 h5 1-0

[Event "Oberliga Baden 1718"]
[Site "Baden"]
[Date "2018.02.25"]
[Round "7.6"]
[White "Dill, Xaver"]
[Black "Grothe, Thomas"]
[Result "0-1"]
[WhiteElo "2180"]
[BlackElo "2252"]
[PlyCount "56"]
[EventDate "2017.10.08"]
[EventType "team-tourn"]
[EventRounds "9"]
[EventCountry "GER"]
[SourceTitle "EXT 2019"]
[Source "ChessBase"]
[SourceDate "2018.10.10"]
[SourceVersion "1"]
[SourceVersionDate "2018.10.10"]
[SourceQuality "1"]
[WhiteTeam "Brombach"]
[BlackTeam "Ettlingen"]
[WhiteTeamCountry "GER"]
[BlackTeamCountry "GER"]

1. e4 e5 2. Nf3 Nc6 3. Bc4 Nf6 4. d3 Qe7 5. a4 g6 6. 0-0 Bg7 7. c3 0-0 8. Re1 d6 9. Nbd2 h6 10. Nf1 Qd8 11. Ba2 d5 12. Qc2 d4 13. h3 a5 14. Bd2 Nd7 15. Rad1 Nb6 16. N1h2 Qd6 17. Ng4 Kh7 18. cxd4 Bxg4 19. hxg4 exd4 20. g3 Nb4 21. Bxb4 axb4 22. Kg2 Rxa4 23. Bb3 Ra5 24. Rh1 Kg8 25. Rde1 Nd7 26. Qd2 Nc5 27. Bc4 b5 28. Qxb4 Qb6 0-1

[Event "Oberliga Baden 1718"]
[Site "Baden"]
[Date "2017.12.10"]
[Round "4.6"]
[White "Grothe, Thomas"]
[Black "Fichter, Fabian"]
[Result "0-1"]
[WhiteElo "2277"]
[BlackElo "2165"]
[PlyCount "84"]
[EventDate "2017.10.08"]
[EventType "team-tourn"]
[EventRounds "9"]
[EventCountry "GER"]
[SourceTitle "EXT 2019"]
[Source "ChessBase"]
[SourceDate "2018.10.10"]
[SourceVersion "1"]
[SourceVersionDate "2018.10.10"]
[SourceQuality "1"]
[WhiteTeam "Ettlingen"]
[BlackTeam "Walldorf"]
[WhiteTeamCountry "GER"]
[BlackTeamCountry "GER"]

1. e4 d5 2. exd5 Qxd5 3. Nc3 Qd6 4. d4 Nf6 5. Nf3 a6 6. g3 Bg4 7. Bg2 Nc6 8. Be3 0-0-0 9. h3 Bh5 10. Qe2 e6 11. 0-0-0 Nd5 12. Ne4 Qb4 13. c3 Qa4 14. Kb1 Be7 15. Bg5 f6 16. Bc1 g5 17. g4 Bg6 18. h4 Rhe8 19. Ne1 gxh4 20. Nd3 Qb5 21. Ka1 f5 22. Ng5 Bf6 23. gxf5 Bxf5 24. Be4 Bxd4 25. cxd4 Nxd4 26. Qd2 h6 27. Bxf5 exf5 28. Nc5 Nb4 29. Qc3 hxg5 30. Bxg5 Rd5 31. Nb3 Qa4 32. Nc1 Nb5 33. Qb3 Qxb3 34. Nxb3 Rxd1+ 35. Rxd1 h3 36. a3 Re1 37. Rxe1 Nc2+ 38. Kb1 Nxe1 39. Bf4 Nf3 40. a4 Nd6 41. Kc2 h2 42. Bxh2 Nxh2 0-1

[Event "Oberliga Baden 1718"]
[Site "Baden"]
[Date "2017.10.08"]
[Round "1.5"]
[White "Grothe, Thomas"]
[Black "Gross, Willi"]
[Result "1-0"]
[WhiteElo "2271"]
[BlackElo "2113"]
[PlyCount "71"]
[EventDate "2017.10.08"]
[EventType "team-tourn"]
[EventRounds "9"]
[EventCountry "GER"]
[SourceTitle "EXT 2019"]
[Source "ChessBase"]
[SourceDate "2018.10.10"]
[SourceVersion "1"]
[SourceVersionDate "2018.10.10"]
[SourceQuality "1"]
[WhiteTeam "Ettlingen"]
[BlackTeam "Bad Mergentheim"]
[WhiteTeamCountry "GER"]
[BlackTeamCountry "GER"]

1. e4 c5 2. Nf3 g6 3. d4 cxd4 4. Nxd4 Nc6 5. Nc3 Bg7 6. Be3 Nf6 7. Bc4 Qa5 8. 0-0 0-0 9. Bb3 d6 10. h3 Bd7 11. Re1 Rac8 12. f4 Nxd4 13. Qxd4 Nh5 14. e5 Bc6 15. Nd5 Bxd5 16. Qxd5 Qxd5 17. Bxd5 dxe5 18. fxe5 Bxe5 19. c3 Bg3 20. Re2 b6 21. Rf1 e6 22. Bb3 Bd6 23. Rd2 Rcd8 24. Rfd1 Bc7 25. Rd7 Rxd7 26. Rxd7 Rc8 27. Bd4 Nf4 28. Bc4 Nd5 29. Bxd5 exd5 30. Bf6 b5 31. Rxd5 Bb6+ 32. Kf1 Rc6 33. Bg5 Rc5 34. Rxc5 Bxc5 35. Ke2 f5 36. Be3 1-0

[Event "Oberliga Baden 1617"]
[Site "Baden"]
[Date "2017.03.19"]
[Round "7.2"]
[White "Grothe, Thomas"]
[Black "Gschnitzer, Oswald"]
[Result "1/2-1/2"]
[WhiteElo "2304"]
[BlackElo "2395"]
[PlyCount "44"]
[EventDate "2016.10.16"]
[EventType "team-tourn"]
[EventRounds "9"]
[EventCountry "GER"]
[SourceTitle "EXT 2018"]
[Source "ChessBase"]
[SourceDate "2017.10.13"]
[SourceVersion "1"]
[SourceVersionDate "2017.10.13"]
[SourceQuality "1"]
[WhiteTeam "Ettlingen"]
[BlackTeam "Walldorf"]
[WhiteTeamCountry "GER"]
[BlackTeamCountry "GER"]

1. e4 c5 2. Nf3 d6 3. d4 cxd4 4. Qxd4 Nc6 5. Bb5 Bd7 6. Bxc6 Bxc6 7. Nc3 Nf6 8. Bg5 e6 9. 0-0-0 Be7 10. Rhe1 0-0 11. Qd3 Qa5 12. Bd2 Qa6 13. Qxa6 bxa6 14. Nd4 Rfc8 15. Bg5 Kf8 16. f3 Be8 17. e5 dxe5 18. Rxe5 Rab8 19. Ne4 Nxe4 20. Bxe7+ Kxe7 21. Rxe4 Rc5 22. f4 Kf6 1/2-1/2

[Event "Oberliga Baden 1617"]
[Site "Baden"]
[Date "2016.12.04"]
[Round "3.2"]
[White "Grothe, Thomas"]
[Black "Reinhart, Emmanuel"]
[Result "1/2-1/2"]
[WhiteElo "2304"]
[BlackElo "2396"]
[PlyCount "135"]
[EventDate "2016.10.16"]
[EventType "team-tourn"]
[EventRounds "9"]
[EventCountry "GER"]
[SourceTitle "EXT 2018"]
[Source "ChessBase"]
[SourceDate "2017.10.13"]
[SourceVersion "1"]
[SourceVersionDate "2017.10.13"]
[SourceQuality "1"]
[WhiteTeam "Ettlingen"]
[BlackTeam "Oberwinden"]
[WhiteTeamCountry "GER"]
[BlackTeamCountry "GER"]

1. e4 c6 2. d4 d5 3. e5 Bf5 4. Nf3 e6 5. Be2 Ne7 6. 0-0 c5 7. dxc5 Nec6 8. Bg5 Qc8 9. c4 dxc4 10. Na3 Bxc5 11. Nxc4 0-0 12. Nd6 Bxd6 13. Qxd6 h6 14. Bh4 g5 15. Bg3 Rd8 16. Qa3 Nd7 17. Rac1 Nf8 18. Qe3 Qc7 19. h4 Qb6 20. hxg5 Qxe3 21. fxe3 h5 22. Rc4 Bd3 23. Bxd3 Rxd3 24. Kf2 Ng6 25. Ke2 Rad8 26. Rfc1 h4 27. Be1 R3d5 28. Bc3 Kg7 29. Nxh4 Nxh4 30. Rxh4 Rh8 31. Rxh8 Kxh8 32. Kf3 Kg7 33. Kf4 Rd7 34. Rc2 Ne7 35. Rd2 Nd5+ 36. Kf3 Rc7 37. Bd4 b6 38. g3 Kg6 39. Rh2 Kxg5 40. Rd2 Ne7 41. e4 Kg6 42. Bc3 Nc6 43. Kf4 b5 44. a3 a5 45. Rd6 b4 46. axb4 axb4 47. Be1 b3 48. g4 Rc8 49. Rd3 Rb8 50. Bh4 Rb4 51. Bf6 Nd4 52. Rh3 Ne2+ 53. Ke3 Nc3 54. bxc3 b2 55. Rh1 b1Q 56. Rxb1 Rxb1 57. Kd4 Rd1+ 58. Kc5 Re1 59. c4 Rxe4 60. Kb5 Rxg4 61. c5 Rg2 62. c6 Rb2+ 63. Kc5 Kf5 64. Kd6 Rd2+ 65. Ke7 Rc2 66. Kd7 Rd2+ 67. Ke7 Rc2 68. Kd7 1/2-1/2

[Event "Oberliga Baden 1617"]
[Site "Baden"]
[Date "2016.10.16"]
[Round "1.2"]
[White "Grothe, Thomas"]
[Black "Eisenbeiser, Amadeus"]
[Result "1/2-1/2"]
[WhiteElo "2304"]
[BlackElo "2396"]
[PlyCount "137"]
[EventDate "2016.10.16"]
[EventType "team-tourn"]
[EventRounds "9"]
[EventCountry "GER"]
[SourceTitle "EXT 2018"]
[Source "ChessBase"]
[SourceDate "2017.10.13"]
[SourceVersion "1"]
[SourceVersionDate "2017.10.13"]
[SourceQuality "1"]
[WhiteTeam "Ettlingen"]
[BlackTeam "Buchen"]
[WhiteTeamCountry "GER"]
[BlackTeamCountry "GER"]

1. d4 d6 2. Nf3 g6 3. c4 Bg7 4. Nc3 e5 5. dxe5 dxe5 6. Qxd8+ Kxd8 7. g3 f6 8. Bg2 Nh6 9. 0-0 Nf7 10. Rd1+ Nd7 11. b3 c6 12. Bb2 Kc7 13. Rac1 a5 14. Ne1 Rd8 15. Nd3 Bf8 16. Ne4 Be7 17. h3 f5 18. Nc3 e4 19. Nf4 Nde5 20. Ncd5+ cxd5 21. Nxd5+ Rxd5 22. cxd5+ Kd7 23. f4 exf3 24. exf3 g5 25. Bf1 Bd6 26. f4 gxf4 27. gxf4 Ng6 28. Bb5+ Kd8 29. Bf6+ Ne7 30. Re1 b6 31. Rc6 Ra7 32. Kg2 Bb4 33. Rec1 Nd6 34. Rxb6 Nxb5 35. Rxb5 Kd7 36. Bxe7 Bxe7 37. Rb8 Bb7 38. Rh8 Bxd5+ 39. Kg3 Ra6 40. Rxh7 Rg6+ 41. Kf2 Ke6 42. Re1+ Be4 43. Rxe4+ fxe4 44. f5+ Kxf5 45. Rxe7 Rc6 46. Rd7 Kf4 47. Ke2 Rc2+ 48. Rd2 Rc3 49. Rd5 a4 50. bxa4 Rxh3 51. Rd2 Ra3 52. Rb2 Rxa4 53. Kf2 Ra8 54. Ke2 Rh8 55. Rd2 Rh3 56. Ke1 Rh1+ 57. Ke2 Rg1 58. Rd8 Rg2+ 59. Kf1 Rxa2 60. Rh8 Ke3 61. Rh3+ Kd4 62. Rb3 Rd2 63. Ke1 Rh2 64. Ra3 Rc2 65. Ra4+ Ke3 66. Ra3+ Kf4 67. Rb3 Rg2 68. Ra3 Rg3 69. Rxg3 1/2-1/2

[Event "Oberliga Baden 1516"]
[Site "Baden"]
[Date "2016.03.13"]
[Round "8.5"]
[White "Grothe, Thomas"]
[Black "Richter, Georg"]
[Result "0-1"]
[WhiteElo "2287"]
[BlackElo "2186"]
[PlyCount "116"]
[EventDate "2015.09.20"]
[EventType "team-tourn"]
[EventRounds "9"]
[EventCountry "GER"]
[SourceTitle "EXT 2018"]
[Source "ChessBase"]
[SourceDate "2017.10.13"]
[SourceVersion "1"]
[SourceVersionDate "2017.10.13"]
[SourceQuality "1"]
[WhiteTeam "Ettlingen"]
[BlackTeam "Handschuhsheim"]
[WhiteTeamCountry "GER"]
[BlackTeamCountry "GER"]

1. e4 d6 2. Nc3 Nf6 3. f4 g6 4. d4 Bg7 5. Nf3 0-0 6. e5 dxe5 7. fxe5 Ng4 8. h3 Nh6 9. Bc4 Kh8 10. Bf4 f6 11. Qd2 Nf7 12. exf6 exf6 13. 0-0-0 c6 14. Rhe1 Nd7 15. Qe3 Nb6 16. Bb3 Nd6 17. Qe7 Qxe7 18. Rxe7 Nf5 19. Rc7 g5 20. Bh2 h5 21. a4 Rd8 22. Re1 g4 23. hxg4 hxg4 24. Bf4 Rd7 25. Re8+ Kh7 26. Bg8+ Kg6 27. Nd2 Rxc7 28. Bxc7 Bd7 29. Rxa8 Nxa8 30. Bb8 a6 31. d5 Bh6 32. dxc6 Bxc6 33. Bd5 Nb6 34. Bxc6 bxc6 35. b3 Nh4 36. g3 Nf3 37. Ncb1 Nd5 38. c3 Nxd2 39. Nxd2 Nxc3 40. Kc2 Nd5 41. Nc4 Ne3+ 42. Nxe3 Bxe3 43. Kd3 Bc1 44. Ke4 Bb2 45. Ba7 f5+ 46. Kd3 Be5 47. Bf2 Bd6 48. Be1 Kf6 49. Kd4 Ke6 50. b4 f4 51. gxf4 Kf5 52. Kc4 Kxf4 53. b5 cxb5+ 54. axb5 axb5+ 55. Kxb5 Kf3 56. Bh4 Bh2 57. Kc4 Bg1 58. Kd3 Bf2 0-1

[Event "Oberliga Baden 1516"]
[Site "Baden"]
[Date "2016.02.21"]
[Round "7.5"]
[White "Sonnenfeld, Daniel"]
[Black "Grothe, Thomas"]
[Result "1/2-1/2"]
[WhiteElo "2034"]
[BlackElo "2287"]
[PlyCount "136"]
[EventDate "2015.09.20"]
[EventType "team-tourn"]
[EventRounds "9"]
[EventCountry "GER"]
[SourceTitle "EXT 2018"]
[Source "ChessBase"]
[SourceDate "2017.10.13"]
[SourceVersion "1"]
[SourceVersionDate "2017.10.13"]
[SourceQuality "1"]
[WhiteTeam "Oberwinden"]
[BlackTeam "Ettlingen"]
[WhiteTeamCountry "GER"]
[BlackTeamCountry "GER"]

1. d4 d5 2. c4 e6 3. Nc3 c6 4. cxd5 exd5 5. Bf4 Bf5 6. e3 Nf6 7. Bd3 Bxd3 8. Qxd3 Bd6 9. Bxd6 Qxd6 10. Nf3 Nbd7 11. 0-0 0-0 12. Rab1 a5 13. Rfc1 Qe7 14. Qf5 Ne8 15. Na4 Nd6 16. Qf4 Nf6 17. Qe5 Qd8 18. Nc5 Nfe4 19. Nxe4 Nxe4 20. Qh5 Re8 21. Ne5 Nd6 22. Rc2 f6 23. Nd3 Nc4 24. Re1 a4 25. h3 Re7 26. Qf3 Qa5 27. Qe2 Rae8 28. Rec1 a3 29. b3 Nd6 30. Qd2 Qxd2 31. Rxd2 Ra8 32. Rdc2 Kf7 33. Kf1 Ke8 34. Nc5 Kd8 35. Na4 Ra6 36. Nc5 Ra5 37. Nd3 Ne4 38. Nc5 Nd6 39. Nd3 Ra7 40. Nc5 g6 41. Kg1 h5 42. g3 g5 43. Kg2 Ke8 44. Nd3 Nf5 45. Nc5 Kf7 46. Nd3 Kg6 47. Nc5 h4 48. g4 Nd6 49. Nd3 Ra8 50. Kg1 Nf7 51. Kg2 Rae8 52. Rc5 Ra8 53. R5c2 Nd6 54. Kg1 Ne4 55. Kg2 Rae8 56. Rf1 Nd6 57. Rfc1 Kf7 58. Kg1 Ra8 59. Kg2 Kg6 60. Kg1 Nf7 61. Kg2 f5 62. gxf5+ Kxf5 63. Rg1 Nd6 64. Kf3 Ne4 65. Ke2 Rg7 66. Rcc1 Re7 67. Rg2 Rg8 68. Rgg1 Ra8 1/2-1/2

[Event "Oberliga Baden 1516"]
[Site "Baden"]
[Date "2015.09.20"]
[Round "1.5"]
[White "Grothe, Thomas"]
[Black "Pfatteicher, Lukas"]
[Result "1-0"]
[WhiteElo "2287"]
[BlackElo "2200"]
[PlyCount "107"]
[EventDate "2015.09.20"]
[EventType "team-tourn"]
[EventRounds "9"]
[EventCountry "GER"]
[SourceTitle "EXT 2018"]
[Source "ChessBase"]
[SourceDate "2017.10.13"]
[SourceVersion "1"]
[SourceVersionDate "2017.10.13"]
[SourceQuality "1"]
[WhiteTeam "Ettlingen"]
[BlackTeam "Karlsruhe SF"]
[WhiteTeamCountry "GER"]
[BlackTeamCountry "GER"]

1. d4 Nf6 2. c4 g6 3. Nc3 Bg7 4. e4 d6 5. Nf3 0-0 6. Be2 c5 7. 0-0 Bg4 8. d5 e6 9. dxe6 fxe6 10. e5 dxe5 11. Nxe5 Bxe2 12. Qxe2 Nfd7 13. Nf3 Qe7 14. Bg5 Bf6 15. Bxf6 Nxf6 16. Rfe1 Re8 17. Nd5 Qg7 18. Nxf6+ Qxf6 19. Rad1 Nc6 20. Rd6 Rad8 21. Rxe6 Rxe6 22. Qxe6+ Qxe6 23. Rxe6 Kf8 24. Kf1 Nd4 25. Re3 Nxf3 26. Rxf3+ Ke7 27. Ke2 Rd7 28. b3 Ke6 29. Rd3 Rc7 30. Rd8 Ke5 31. Ke3 b6 32. g4 Re7 33. f4+ Kf6+ 34. Kf3 h6 35. Rd6+ Kg7 36. f5 gxf5 37. gxf5 Re5 38. Rd5 Re1 39. Rd7+ Kf6 40. Rxa7 Kxf5 41. Ra6 Re6 42. a4 Rd6 43. Ke3 Re6+ 44. Kd3 Rd6+ 45. Kc3 Ke4 46. a5 Rd3+ 47. Kc2 Rh3 48. axb6 Rxh2+ 49. Kc3 Rh3+ 50. Kb2 Rh2+ 51. Ka3 Kd3 52. b7 Kc2 53. b8Q Rh1 54. Ka4 1-0

[Event "Oberliga Baden 1415"]
[Site "Baden"]
[Date "2015.02.22"]
[Round "7.5"]
[White "Hell, Pascal"]
[Black "Grothe, Thomas"]
[Result "0-1"]
[WhiteElo "2234"]
[BlackElo "2296"]
[PlyCount "128"]
[EventDate "2014.09.21"]
[EventType "team-tourn"]
[EventRounds "9"]
[EventCountry "GER"]
[SourceTitle "EXT 2016"]
[Source "ChessBase"]
[SourceDate "2015.10.08"]
[SourceVersion "1"]
[SourceVersionDate "2015.10.08"]
[SourceQuality "1"]
[WhiteTeam "Brombach"]
[BlackTeam "Ettlingen"]
[WhiteTeamCountry "GER"]
[BlackTeamCountry "GER"]

1. d4 d5 2. Nf3 Nf6 3. g3 Bf5 4. Bg2 e6 5. 0-0 h6 6. c4 c6 7. Nc3 Be7 8. Nd2 0-0 9. e4 dxe4 10. Ndxe4 Nbd7 11. Be3 Nxe4 12. Nxe4 Nf6 13. f3 Qb6 14. Qe2 Qa6 15. Rf2 Rfd8 16. a3 Bg6 17. Rd1 Rd7 18. Rd2 Rad8 19. Rf1 c5 20. Rfd1 Nxe4 21. fxe4 cxd4 22. Rxd4 Rxd4 23. Rxd4 Rxd4 24. Bxd4 Qa4 25. Qd3 Qd7 26. Bf1 Qc6 27. Bg2 Bc5 28. Qe3 Bxd4 29. Qxd4 Qa4 30. Qd3 b6 31. Bf3 Qa5 32. b4 Qe5 33. Kg2 Qb2+ 34. Kg1 Kh7 35. Qe3 Qa1+ 36. Kf2 Qa2+ 37. Be2 Bh5 38. c5 bxc5 39. bxc5 Qc2 40. c6 Bxe2 41. Qxe2 Qxc6 42. Qd3 e5 43. g4 g6 44. h4 Kg7 45. g5 hxg5 46. hxg5 Qc1 47. Qd8 Qb2+ 48. Kf1 Qb1+ 49. Kf2 Qxe4 50. Qf6+ Kg8 51. Qd8+ Kh7 52. Qf8 Qf5+ 53. Ke2 Qe6 54. Kd3 Qd5+ 55. Ke2 Qg2+ 56. Kd3 Qf3+ 57. Kd2 e4 58. Qe7 Qf2+ 59. Kc3 Qe3+ 60. Kc2 Qd3+ 61. Kc1 Qc4+ 62. Kd2 a5 63. a4 Qd4+ 64. Ke2 Kg7 0-1

[Event "Oberliga Baden 1314"]
[Site "Germany"]
[Date "2014.04.06"]
[Round "9.2"]
[White "Grothe, Thomas"]
[Black "Nekrasov, Mihail"]
[Result "1/2-1/2"]
[WhiteElo "2268"]
[BlackElo "2395"]
[PlyCount "38"]
[EventDate "2013.10.13"]
[EventType "team-tourn"]
[EventRounds "9"]
[EventCountry "GER"]
[SourceTitle "EXT 2015"]
[Source "ChessBase"]
[SourceDate "2014.11.20"]
[SourceVersion "1"]
[SourceVersionDate "2014.11.20"]
[SourceQuality "1"]
[WhiteTeam "Ettlingen"]
[BlackTeam "Hockenheim"]
[WhiteTeamCountry "GER"]
[BlackTeamCountry "GER"]

1. e4 d5 2. exd5 Qxd5 3. Nc3 Qd6 4. d4 c6 5. Be3 Nf6 6. Nf3 Bg4 7. h3 Bh5 8. g4 Bg6 9. Ne5 Nd5 10. Qd2 Nd7 11. f4 Nxc3 12. Qxc3 Be4 13. Rh2 e6 14. 0-0-0 Qb4 15. Qxb4 Bxb4 16. Bd3 Bxd3 17. Rxd3 Be7 18. a4 f6 19. Nxd7 Kxd7 1/2-1/2

[Event "Oberliga Baden 1314"]
[Site "Germany"]
[Date "2013.11.10"]
[Round "2.2"]
[White "Grothe, Thomas"]
[Black "Wirthensohn, Heinz"]
[Result "0-1"]
[WhiteElo "2278"]
[BlackElo "2329"]
[PlyCount "76"]
[EventDate "2013.10.13"]
[EventType "team-tourn"]
[EventRounds "9"]
[EventCountry "GER"]
[SourceTitle "EXT 2015"]
[Source "ChessBase"]
[SourceDate "2014.11.20"]
[SourceVersion "1"]
[SourceVersionDate "2014.11.20"]
[SourceQuality "1"]
[WhiteTeam "Ettlingen"]
[BlackTeam "Waldshut"]
[WhiteTeamCountry "GER"]
[BlackTeamCountry "GER"]

1. d4 d5 2. c4 c6 3. Nf3 Nf6 4. e3 g6 5. Nc3 Bg7 6. Bd3 0-0 7. 0-0 dxc4 8. Bxc4 Nbd7 9. e4 b5 10. Be2 b4 11. Na4 Nxe4 12. Qc2 Nd6 13. Bf4 Nb6 14. Nc5 Nd5 15. Bg5 h6 16. Bd2 Bg4 17. Na6 Qb6 18. Qa4 Nf5 19. Rad1 Bxf3 20. Bxf3 Nxd4 21. Bxd5 cxd5 22. Bxb4 Rfc8 23. Bxe7 Qxb2 24. Qd7 Ne2+ 25. Kh1 Nc3 26. Rc1 Qb6 27. Nb4 Rc7 28. Qd6 Qxd6 29. Bxd6 Rd7 30. Bg3 a5 31. Nd3 Nxa2 32. Nc5 Nxc1 33. Nxd7 Ne2 34. Nb6 Nxg3+ 35. hxg3 Rb8 36. Nxd5 a4 37. Ne7+ Kh7 38. Nc6 Rb5 0-1

[Event "Oberliga Baden 1213"]
[Site "Baden"]
[Date "2013.02.24"]
[Round "7.4"]
[White "Kappeler, Kaspar"]
[Black "Grothe, Thomas"]
[Result "0-1"]
[WhiteElo "2297"]
[BlackElo "2195"]
[PlyCount "88"]
[EventDate "2012.10.14"]
[EventType "team-tourn"]
[EventRounds "9"]
[EventCountry "GER"]
[SourceTitle "EXT 2014"]
[Source "ChessBase"]
[SourceDate "2013.11.20"]
[SourceVersion "1"]
[SourceVersionDate "2013.11.20"]
[SourceQuality "1"]
[WhiteTeam "Dreisamtal"]
[BlackTeam "Ettlingen"]
[WhiteTeamCountry "GER"]
[BlackTeamCountry "GER"]

1. d4 Nf6 2. c4 d6 3. Nc3 Bf5 4. g3 c6 5. Bg2 g6 6. e4 Be6 7. b3 Bg7 8. Nge2 0-0 9. 0-0 Qc8 10. Re1 Na6 11. Bb2 Bh3 12. Bh1 Nh5 13. a3 f5 14. b4 f4 15. Qc2 f3 16. Nc1 Qg4 17. Nd1 Rf7 18. Ne3 Qd7 19. Nd3 Nc7 20. d5 cxd5 21. exd5 e5 22. dxe6 Nxe6 23. Bxg7 Kxg7 24. Qb2+ Kg8 25. Rad1 Qe7 26. Nd5 Qg5 27. Re3 Raf8 28. Rde1 Nhg7 29. a4 h5 30. Re4 Bf5 31. h4 Qd8 32. Bxf3 Bxe4 33. Bxe4 g5 34. hxg5 Qxg5 35. Kg2 h4 36. Rh1 Rxf2+ 37. Nxf2 Qxg3+ 38. Kf1 Ng5 39. Ne7+ Kf7 40. Bg6+ Ke6 41. Qe2+ Kd7 42. Nd5 N7e6 43. Qe3 Rf3 44. Qxa7 Nc5 0-1